书目信息 |
| 题名: |
医院现代手术部建设与管理
|
|
| 作者: | 潘兆岳 主编 | |
| 分册: | ||
| 出版信息: | 南京 东南大学出版社 2004.04 |
|
| 页数: | 146页 | |
| 开本: | 26cm | |
| 丛书名: | ||
| 单 册: | ||
| 中图分类: | TU246.1 , R197.38 | |
| 科图分类: | ||
| 主题词: | 手术室--建筑设计 , 手术室--卫生管理 , 手术室 , 建筑设计 , 卫生管理 | |
| 电子资源: | ||
| ISBN: | 7-81089-559-1 | |
| 000 | 00779nam0 2200277 45 | |
| 001 | 012004000000 | |
| 005 | 20041020104741.21 | |
| 010 | @a7-81089-559-1@dCNY 32.00 | |
| 100 | @a20040910d2004 em y0chiy0121 ea | |
| 101 | 0 | @achi |
| 102 | @aCN@b320000 | |
| 105 | @aak z 000yy | |
| 200 | 1 | @a医院现代手术部建设与管理@Ayi yuan xian dai shou shu bu jian she yu guan li@f潘兆岳主编 |
| 210 | @a南京@c东南大学出版社@d2004.04 | |
| 215 | @a146页@c图, 表格@d26cm | |
| 320 | @a本书含参考文献 | |
| 606 | 0 | @a手术室@x建筑设计 |
| 606 | 0 | @a手术室@x卫生管理 |
| 606 | 0 | @a手术室 |
| 606 | 0 | @a建筑设计 |
| 606 | 0 | @a卫生管理 |
| 690 | @aTU246.1@v4 | |
| 690 | @aR197.38@v4 | |
| 701 | 0 | @a潘兆岳@Apan zhao yue@4主编 |
| 801 | 0 | @aCN@bQSSKt@c20041020 |
| 905 | @a10447@dTU246.1@eP280 | |
| 医院现代手术部建设与管理/潘兆岳主编.-南京:东南大学出版社,2004.04 |
| 146页:图, 表格;26cm |
| ISBN 7-81089-559-1:CNY 32.00 |
| ● |
| 相关链接 |
|
|
|
正题名:医院现代手术部建设与管理
索取号:TU246.1/P280
 
预约/预借
| 序号 | 登录号 | 条形码 | 馆藏地/架位号 | 状态 | 备注 |
| 1 | 421338 | 204213387 | 建筑库101/101建筑库 105排2列4层/ [索取号:TU246.1/P280] | 在馆 | |
| 2 | 421339 | 204213396 | 建筑库101/101建筑库 105排2列4层/ [索取号:TU246.1/P280] | 在馆 | |
| 3 | 421340 | 204213403 | 建筑库101/101建筑库 105排2列4层/ [索取号:TU246.1/P280] | 在馆 |